| 000 | 00742nam0a22002411 4500 | ||
|---|---|---|---|
| 001 | v19\rc\1946643 | ||
| 005 | 20250619204006.0 | ||
| 035 | _a(NLR Aleph) 005032129 | ||
| 090 |
_a6702416 _c6702416 |
||
| 100 | _a20080428d1913 |||y0rusy50 ca | ||
| 101 | 0 | _arus | |
| 102 | _aRU | ||
| 105 | _aa z |||c| | ||
| 200 | 1 |
_aРудольф Дизель _e[Очерк жизни и деятельности] _fКонтора Атлас-Дизель. Москва |
|
| 210 |
_a[Москва _d1913] |
||
| 215 |
_a16 с. _cил. _d29 |
||
| 702 | 1 |
_aДизель _bР. _f1858-1913 _gРудольф _4570 |
|
| 801 | 0 |
_aRU _bNLR _gpsbo |
|
| 801 | 0 |
_aRU _bRuMoRGB _2psbo |
|
| 801 | 1 |
_aRU _bProSoft-M _2rusmarc |
|
| 852 |
_aNLR _j37.53.1.575 |
||
| 942 | _cBOOK | ||
| 980 | _aNB | ||